000 00238nam a2200097Ia 4500
001 737746
005 20250826163938.0
008 250824s9999 xx 000 0 und d
245 0 _aMARTI VE SAVAŞ
_cGÜLDEM SAHAN
260 _bTUDEM YAYINLARI
999 _c737746
_d737746